000 01290pam a2200325 a 4500
999 _c129382
_d129382
001 1671200
003 ARRUPE
005 20190403105458.0
008 980707s1998 mdu b 001 0 eng
010 _a 98030184
020 _a0847690466 (cloth : alk. paper)
020 _a0847690474 (pbk. : alk. paper)
040 _aDLC
_cDLC
_dDLC
041 1 _aeng
_hpor
050 0 0 _aLC196
_b.F73713 1998
082 0 0 _a370.11/5
_221
100 1 _aFreire, Paulo,
_d1921-1997.
_926953
240 1 0 _aPedagogia de autonomia.
_lEnglish
245 1 0 _aPedagogy of freedom :
_bethics, democracy, and civic courage /
_cPaulo Freire ; translated by Patrick Clarke ; foreword by Donaldo Macedo ; introduction by Stanley Aronowitz.
260 _aLanham :
_bRowman & Littlefield Publishers,
_cc1998.
300 _axxxii, 144 p. ;
_c23 cm.
440 0 _aCritical perspectives series
_945778
504 _aIncludes bibliographical references (p. 131-134) and index.
650 0 _aPopular education.
_944843
650 0 _aCritical pedagogy.
_945759
650 0 _aTeaching.
_945779
906 _a7
_bcbc
_corignew
_d1
_eocip
_f19
_gy-gencatlg
942 _2lcc
_cMONOGRAPH